000 00299nam a22001337a 4500
008 171127b xxu||||| |||| 00| 0 eng d
020 _a04710214047
041 _aeng
080 _a62
100 _a27
101 _aENG
245 _aADVANCED ENGINEERING MATHEMATICS
_cERWIN.K
942 _2udc
_cBK
999 _c38549
_d38549